000 00596nam a2200205Ia 4500
005 20250326143323.0
008 250326s9999 xx 000 0 und d
020 _a0-07-047359-5
037 _aTextbook
040 _aFMSL
_beng
_cFMSL
041 _aeng
_2eng
084 _aX:8E P2;3
_qFMSL
100 _aChandra P
_9659734
245 0 _aProjects, planning, analysis, selection, ficing, implementation and review
_cChandra P
250 _a5
260 _aNew Delhi
_bNew Delhi, Tata McGraw Hill
_c2002
300 _a745p
942 _cTB
_hX:8E P2;3
999 _c1299067
_d1299067